[Event "Madrid-ch U18 1415"]
[Site "Madrid"]
[Date "2015.01.04"]
[Round "7"]
[White "Perez Perez, Elena"]
[Black "Mazo Fernandez, Roberto"]
[Result "0-1"]
[WhiteElo "1778"]
[BlackElo "1927"]
[PlyCount "72"]
[EventDate "2014.12.26"]
[EventType "swiss"]
[EventRounds "7"]
[EventCountry "ESP"]
[SourceTitle "EXT 2018"]
[Source "ChessBase"]
[SourceDate "2017.10.13"]
[SourceVersion "1"]
[SourceVersionDate "2017.10.13"]
[SourceQuality "1"]

1. e4 c5 2. Nf3 d6 3. d4 cxd4 4. Nxd4 Nf6 5. Nc3 a6 6. Be2 e5 7. Nb3 Be7 8. Be3 0-0 9. 0-0 Be6 10. f4 exf4 11. Bxf4 Nc6 12. Kh1 Ne5 13. Nd4 Rc8 14. Nxe6 fxe6 15. Bxe5 dxe5 16. Qxd8 Rfxd8 17. Bd3 Bc5 18. h3 b5 19. Ne2 Bd4 20. Rab1 Nd7 21. c3 Be3 22. Rfd1 Nc5 23. Bc2 Rf8 24. Rf1 Rcd8 25. Rxf8+ Kxf8 26. Rd1 Rxd1+ 27. Bxd1 Nxe4 28. Bc2 Nf2+ 29. Kh2 e4 30. Kg3 Nd3 31. b3 e5 32. c4 b4 33. Kg4 g6 34. Ng3 h5+ 35. Kh4 Bf2 36. Bb1 Kg7 0-1

[Event "Madrid-ch U18 1415"]
[Site "Madrid"]
[Date "2014.12.27"]
[Round "2"]
[White "Perez Perez, Elena"]
[Black "Alfaya Marcelo, Roberto"]
[Result "1/2-1/2"]
[WhiteElo "1778"]
[BlackElo "1995"]
[PlyCount "109"]
[EventDate "2014.12.26"]
[EventType "swiss"]
[EventRounds "7"]
[EventCountry "ESP"]
[SourceTitle "EXT 2018"]
[Source "ChessBase"]
[SourceDate "2017.10.13"]
[SourceVersion "1"]
[SourceVersionDate "2017.10.13"]
[SourceQuality "1"]

1. e4 c5 2. Nf3 d6 3. d4 cxd4 4. Nxd4 Nf6 5. Nc3 a6 6. Be2 e6 7. Be3 Be7 8. 0-0 0-0 9. Kh1 Nc6 10. f4 Bd7 11. Qe1 b5 12. a3 Qc7 13. Bf3 Nxd4 14. Bxd4 e5 15. Be3 Bc6 16. Rd1 Qb7 17. Bc1 Rfe8 18. f5 a5 19. Bg5 b4 20. axb4 axb4 21. Bxf6 Bxf6 22. Nd5 Bxd5 23. Rxd5 Rec8 24. Qd2 Ra2 25. Rb1 Be7 26. g3 Qc6 27. Bd1 Qc4 28. Qd3 Qxd3 29. cxd3 Rca8 30. Kg2 Ra1 31. Rxa1 Rxa1 32. Be2 Ra2 33. Rb5 Rxb2 34. Rb8+ Bf8 35. Kf3 g6 36. f6 h5 37. h4 Rb1 38. Ke3 b3 39. d4 b2 40. dxe5 dxe5 41. Bd3 Re1+ 42. Kf2 Rh1 43. Ke3 Rg1 44. Kf2 Rc1 45. Rxb2 Rc6 46. Rb5 Rxf6+ 47. Ke3 Re6 48. Bc4 Bh6+ 49. Kf3 Re7 50. g4 hxg4+ 51. Kxg4 Rc7 52. Bd5 Bf4 53. Rb7 Rxb7 54. Bxb7 Kg7 55. h5 1/2-1/2

[Event "Madrid Chamartin op 3rd"]
[Site "Madrid"]
[Date "2014.09.11"]
[Round "7"]
[White "Abul, Qasem"]
[Black "Perez Perez, Elena"]
[Result "1-0"]
[WhiteElo "1994"]
[BlackElo "1757"]
[PlyCount "61"]
[EventDate "2014.09.07"]
[EventType "swiss"]
[EventRounds "9"]
[EventCountry "ESP"]
[SourceTitle "CBM 162 Extra"]
[Source "ChessBase"]
[SourceDate "2014.10.17"]
[SourceVersion "1"]
[SourceVersionDate "2014.10.17"]
[SourceQuality "1"]

1. f3 e5 2. e3 Nf6 3. d4 exd4 4. exd4 d5 5. Bd3 Nc6 6. c3 Bd6 7. Ne2 h6 8. Nf4 Qe7+ 9. Kf2 Qd8 10. Be3 Ne7 11. Nd2 c6 12. Qc2 Qc7 13. g3 0-0 14. Rae1 Bd7 15. Nf1 Rfe8 16. h4 Rad8 17. Bc1 Nc8 18. Rxe8+ Rxe8 19. Ne2 Ne7 20. g4 Kf8 21. Nfg3 Bc8 22. g5 hxg5 23. hxg5 Nfg8 24. Rh8 g6 25. Qd1 c5 26. Qh1 Rd8 27. Qh7 cxd4 28. Nh5 gxh5 29. g6 fxg6 30. Bxg6 Nxg6 31. Rxg8# 1-0

[Event "Madrid Chamartin op 3rd"]
[Site "Madrid"]
[Date "2014.09.08"]
[Round "2"]
[White "Perez Perez, Elena"]
[Black "Aziz Ortego, Omar Luis"]
[Result "0-1"]
[WhiteElo "1757"]
[BlackElo "2094"]
[PlyCount "54"]
[EventDate "2014.09.07"]
[EventType "swiss"]
[EventRounds "9"]
[EventCountry "ESP"]
[SourceTitle "CBM 162 Extra"]
[Source "ChessBase"]
[SourceDate "2014.10.17"]
[SourceVersion "1"]
[SourceVersionDate "2014.10.17"]
[SourceQuality "1"]

1. e4 e5 2. Nf3 Nc6 3. Bc4 Nf6 4. d3 Be7 5. c3 d6 6. Bb3 Na5 7. Bc2 c5 8. Nbd2 0-0 9. 0-0 Bg4 10. h3 Bd7 11. Re1 Rc8 12. Nf1 Nc6 13. Ng3 g6 14. Be3 Ne8 15. Qd2 h5 16. Bg5 f6 17. Be3 Ng7 18. Bb3+ Be6 19. Bxe6+ Nxe6 20. Rad1 d5 21. exd5 Qxd5 22. d4 cxd4 23. cxd4 e4 24. Nh2 Bb4 25. Qe2 Bxe1 26. Qxe1 f5 27. a3 f4 0-1

[Event "Madrid-ch U18 1314"]
[Site "Madrid"]
[Date "2013.10.26"]
[Round "7"]
[White "Hernandez Ramos, David"]
[Black "Perez Perez, Elena"]
[Result "1/2-1/2"]
[WhiteElo "1753"]
[BlackElo "1722"]
[PlyCount "67"]
[EventDate "2013.10.04"]
[EventType "swiss"]
[EventRounds "7"]
[EventCountry "ESP"]
[SourceTitle "EXT 2015"]
[Source "ChessBase"]
[SourceDate "2014.11.20"]
[SourceVersion "1"]
[SourceVersionDate "2014.11.20"]
[SourceQuality "1"]

1. d4 d5 2. c4 dxc4 3. Nf3 Nf6 4. e3 e6 5. Bxc4 a6 6. 0-0 b5 7. Bb3 Bb7 8. a4 c5 9. dxc5 Qxd1 10. Rxd1 Bxc5 11. Bd2 0-0 12. Bc3 Nd5 13. Bd4 Nd7 14. Nc3 Nxc3 15. Bxc3 Nb6 16. Bd4 Bxd4 17. Nxd4 bxa4 18. Bxa4 Nxa4 19. Rxa4 Rfd8 20. Rda1 Rd6 21. Rb4 Rd7 22. h3 g6 23. Ra3 Rc8 24. Rab3 Bd5 25. Ra3 Bb7 26. Rb6 Rc1+ 27. Kh2 Kg7 28. Ra5 Rdc7 29. Ra3 e5 30. Nb3 R1c6 31. Rxc6 Rxc6 32. Na5 Rb6 33. Nc4 Rb5 34. Nd6 1/2-1/2

[Event "Madrid-ch U18 1314"]
[Site "Madrid"]
[Date "2013.10.05"]
[Round "2"]
[White "Anton Quevedo, Andrea"]
[Black "Perez Perez, Elena"]
[Result "0-1"]
[WhiteElo "1504"]
[BlackElo "1722"]
[PlyCount "116"]
[EventDate "2013.10.04"]
[EventType "swiss"]
[EventRounds "7"]
[EventCountry "ESP"]
[SourceTitle "EXT 2015"]
[Source "ChessBase"]
[SourceDate "2014.11.20"]
[SourceVersion "1"]
[SourceVersionDate "2014.11.20"]
[SourceQuality "1"]

1. e4 e5 2. Nf3 Nc6 3. Bc4 Bc5 4. d4 exd4 5. Ng5 Ne5 6. Nxf7 Bb4+ 7. c3 dxc3 8. bxc3 Bxc3+ 9. Nxc3 Nxf7 10. Bxf7+ Kxf7 11. Qh5+ Kf8 12. e5 Ne7 13. Bg5 Qe8 14. Qxe8+ Kxe8 15. Nb5 Nd5 16. Rd1 a6 17. Nd4 Ne7 18. 0-0 h6 19. Bxe7 Kxe7 20. Nf5+ Kf7 21. Rc1 g6 22. Nd4 c6 23. Rc3 Re8 24. f4 Kg7 25. Rg3 c5 26. Nf5+ Kh7 27. Nd6 Rf8 28. h4 b6 29. Rff3 Rb8 30. f5 gxf5 31. Nxf5 Bb7 32. Rd3 Rxf5 33. Rxd7+ Kh8 34. Rgg7 Bc6 35. Rh7+ Kg8 36. Rdg7+ Kf8 37. Rc7 Bd5 38. Rxh6 Rxe5 39. Rf6+ Ke8 40. Rh7 Rb7 41. Rh8+ Ke7 42. Rff8 c4 43. Re8+ Kd6 44. Rh6+ Re6 45. Rhxe6+ Bxe6 46. Rf8 c3 47. Rf1 c2 48. Rc1 Bf5 49. Kf2 Re7 50. g4 Bd3 51. h5 Re2+ 52. Kf1 Rd2+ 53. Ke1 Rg2 54. h6 Rxg4 55. Kd2 Bh7 56. Rf1 Rg6 57. Rh1 Kc5 58. Rh4 Rg1 0-1

[Event "Madrid San Viator op 20th"]
[Site "Madrid"]
[Date "2013.06.02"]
[Round "8"]
[White "Perez Perez, Elena"]
[Black "Andres Rodriguez, Florencio"]
[Result "0-1"]
[WhiteElo "1698"]
[BlackElo "1575"]
[PlyCount "144"]
[EventDate "2013.04.07"]
[EventType "swiss"]
[EventRounds "9"]
[EventCountry "ESP"]
[SourceTitle "EXT 2014"]
[Source "ChessBase"]
[SourceDate "2013.11.20"]
[SourceVersion "1"]
[SourceVersionDate "2013.11.20"]
[SourceQuality "1"]

1. e4 c5 2. Nf3 d6 3. d4 cxd4 4. Nxd4 Nf6 5. Nc3 a6 6. Be2 e5 7. Nb3 Nc6 8. Be3 Be7 9. 0-0 0-0 10. Kh1 b5 11. a3 Bb7 12. f4 Qc7 13. f5 Rfd8 14. Bf3 Rac8 15. Rc1 Nb8 16. Qd2 Nbd7 17. Qf2 Nc5 18. Nxc5 dxc5 19. Rg1 b4 20. axb4 cxb4 21. Nd5 Nxd5 22. exd5 Bxd5 23. Bb6 Bc5 24. Bxc7 Bxf2 25. Bxd8 Bxg1 26. Bxd5 Rxd8 27. Rd1 Bb6 28. Rd3 Kf8 29. g3 a5 30. Kg2 Bd4 31. Bb3 Ke7 32. c3 bxc3 33. bxc3 Bb6 34. Rxd8 Bxd8 35. Kf3 f6 36. Ke4 Kd6 37. h4 Bb6 38. g4 h6 39. h5 Bf2 40. Ba4 Kc5 41. Bb3 Be1 42. Kd3 e4+ 43. Kxe4 Bxc3 44. Ba2 a4 45. Be6 a3 46. Ba2 Be5 47. Bd5 Kb4 48. Ba2 Kc3 49. Kd5 Kb2 50. Bc4 a2 51. Bxa2 Kxa2 52. Ke6 Bf4 53. Kf7 Bg5 54. Kxg7 Kb3 55. Kf7 Kc4 56. Ke6 Kd4 57. Kd6 Ke4 58. Ke6 Kf4 59. Kd5 Kxg4 60. Ke4 Kxh5 61. Kf3 Kh4 62. Kf2 Kg4 63. Kg2 h5 64. Kh2 h4 65. Kg2 h3+ 66. Kh2 Bf4+ 67. Kg1 Kxf5 68. Kh1 Kg4 69. Kg1 f5 70. Kh1 Be3 71. Kh2 f4 72. Kh1 f3 0-1

[Event "Madrid San Viator op 20th"]
[Site "Madrid"]
[Date "2013.05.12"]
[Round "5"]
[White "Garcia Rojas, Juan Carlos"]
[Black "Perez Perez, Elena"]
[Result "0-1"]
[WhiteElo "1548"]
[BlackElo "1698"]
[PlyCount "100"]
[EventDate "2013.04.07"]
[EventType "swiss"]
[EventRounds "9"]
[EventCountry "ESP"]
[SourceTitle "EXT 2014"]
[Source "ChessBase"]
[SourceDate "2013.11.20"]
[SourceVersion "1"]
[SourceVersionDate "2013.11.20"]
[SourceQuality "1"]

1. e4 e5 2. Nf3 Nc6 3. b3 Bc5 4. Bb2 d6 5. Nc3 Nf6 6. Be2 a6 7. d3 h6 8. 0-0 Be6 9. a3 Qd7 10. Na2 0-0 11. c3 Ba7 12. Qc2 Bg4 13. Rad1 Rfe8 14. h3 Bh5 15. Nh2 Bxe2 16. Qxe2 Qe6 17. Qc2 Nh5 18. Bc1 Rad8 19. Rfe1 Na5 20. c4 Nc6 21. Nf3 Qf6 22. Nc3 Rd7 23. Nd5 Qe6 24. Be3 Bxe3 25. Nxe3 Nf4 26. Nf5 Qg6 27. Ng3 h5 28. Nh4 Qf6 29. Nf3 Nxh3+ 30. gxh3 Qxf3 31. Qe2 Nd4 32. Qf1 h4 33. Re3 Qf6 34. Nf5 Nxf5 35. exf5 Qxf5 36. Re4 Qh5 37. Rde1 Rde7 38. d4 Re6 39. Qg2 f5 40. Rxe5 dxe5 41. Qd5 Qg6+ 42. Kh2 c6 43. Qf3 exd4 44. Rg1 Qf6 45. c5 Qe5+ 46. Kh1 Qe4 47. Qg2 Qxg2+ 48. Rxg2 Re1+ 49. Kh2 d3 50. f4 R1e2 0-1

[Event "Madrid San Viator op 19th"]
[Site "Madrid"]
[Date "2012.11.04"]
[Round "7"]
[White "Perez Perez, Elena"]
[Black "Gil Calvente, Jose Antonio"]
[Result "1-0"]
[WhiteElo "1678"]
[BlackElo "1618"]
[PlyCount "29"]
[EventDate "2012.09.23"]
[EventType "swiss"]
[EventRounds "9"]
[EventCountry "ESP"]
[SourceTitle "EXT 2013"]
[Source "ChessBase"]
[SourceDate "2012.11.22"]
[SourceVersion "1"]
[SourceVersionDate "2012.11.22"]
[SourceQuality "1"]

1. e4 c5 2. Nf3 d6 3. d4 cxd4 4. Nxd4 a6 5. Nc3 Nf6 6. Be3 e5 7. Nb3 Be6 8. f3 h5 9. Qd2 Nc6 10. 0-0-0 Na5 11. Nd5 Nxb3+ 12. axb3 Nxd5 13. exd5 Bf5 14. Qb4 b5 15. Bd3 1-0

[Event "Madrid San Viator op 19th"]
[Site "Madrid"]
[Date "2012.10.28"]
[Round "6"]
[White "Morona Minguez, Miguel"]
[Black "Perez Perez, Elena"]
[Result "1/2-1/2"]
[WhiteElo "1631"]
[BlackElo "1678"]
[PlyCount "44"]
[EventDate "2012.09.23"]
[EventType "swiss"]
[EventRounds "9"]
[EventCountry "ESP"]
[SourceTitle "EXT 2013"]
[Source "ChessBase"]
[SourceDate "2012.11.22"]
[SourceVersion "1"]
[SourceVersionDate "2012.11.22"]
[SourceQuality "1"]

1. e4 e5 2. Nf3 Nc6 3. Bb5 a6 4. Ba4 Nf6 5. c3 b5 6. Bc2 Bc5 7. 0-0 d6 8. d3 0-0 9. Bg5 h6 10. Bh4 Bg4 11. Nbd2 Qe7 12. Re1 Nd8 13. Nf1 Ne6 14. Ne3 Bxe3 15. fxe3 g5 16. Bf2 Nc5 17. b4 Ncd7 18. Bb3 c6 19. h3 Bh5 20. Rc1 Rfc8 21. c4 Rab8 22. a3 Kg7 1/2-1/2

[Event "Madrid San Viator op 19th"]
[Site "Madrid"]
[Date "2012.10.07"]
[Round "3"]
[White "Perez Perez, Elena"]
[Black "Al Zarif Zabala, Bassam"]
[Result "1/2-1/2"]
[WhiteElo "1678"]
[BlackElo "1768"]
[PlyCount "103"]
[EventDate "2012.09.23"]
[EventType "swiss"]
[EventRounds "9"]
[EventCountry "ESP"]
[SourceTitle "EXT 2013"]
[Source "ChessBase"]
[SourceDate "2012.11.22"]
[SourceVersion "1"]
[SourceVersionDate "2012.11.22"]
[SourceQuality "1"]

1. e4 Nf6 2. e5 Nd5 3. d4 d6 4. Nf3 Bf5 5. c4 Nb6 6. Nc3 Nc6 7. exd6 cxd6 8. d5 Nb4 9. Nd4 Bd7 10. Be2 g6 11. Be3 Bg7 12. Qd2 h5 13. Ncb5 Na6 14. Bg5 Bxb5 15. Nxb5 Nc7 16. c5 Nc8 17. Nxc7+ Qxc7 18. Bb5+ Kf8 19. c6 bxc6 20. Bxc6 Rb8 21. Rb1 Kg8 22. 0-0 Kh7 23. b3 f6 24. Be3 e5 25. Rbc1 Qe7 26. f4 Rf8 27. f5 g5 28. Qe2 Qf7 29. Bd2 Nb6 30. Qe4 Rfd8 31. Rf2 g4 32. Kh1 Qf8 33. Rg1 Bh6 34. Bxh6 Qxh6 35. Re1 Rg8 36. Rc2 h4 37. Bb5 Rbc8 38. Bc6 Qg7 39. Qb4 Qf8 40. Re4 Nxd5 41. Qe1 Qh6 42. Bxd5 Rxc2 43. Bxg8+ Kxg8 44. Rxg4+ Kf7 45. Rc4 Rxc4 46. bxc4 Qf4 47. h3 Qxf5 48. Qxh4 Qb1+ 49. Kh2 Qxa2 50. Qh5+ Ke7 51. Qh7+ Ke6 52. Qg8+ 1/2-1/2

[Event "Collado Villalba op-B 29th"]
[Site "Collado Villalba"]
[Date "2012.08.26"]
[Round "3"]
[White "Movilla Calleja, David"]
[Black "Perez Perez, Elena"]
[Result "1/2-1/2"]
[WhiteElo "1864"]
[BlackElo "1678"]
[PlyCount "99"]
[EventDate "2012.08.24"]
[EventType "swiss"]
[EventRounds "9"]
[EventCountry "ESP"]
[SourceTitle "CBM 150 Extra"]
[Source "ChessBase"]
[SourceDate "2012.10.19"]
[SourceVersion "1"]
[SourceVersionDate "2012.10.19"]
[SourceQuality "1"]

1. g3 e5 2. Bg2 Nf6 3. c4 Nc6 4. Nc3 Bc5 5. d3 d6 6. Nf3 Bd7 7. 0-0 a6 8. Bg5 h6 9. Bd2 Qc8 10. b3 Bh3 11. Rb1 Bxg2 12. Kxg2 0-0 13. Qc1 Kh7 14. Qc2 Kg8 15. Qc1 Kh7 16. a3 Qe6 17. b4 Ba7 18. a4 e4 19. dxe4 Qxc4 20. Qc2 Ne5 21. Ne1 Kg8 22. f4 Neg4 23. Rf3 h5 24. h3 Nh6 25. Qd3 Qd4 26. Be3 Qxd3 27. exd3 Bxe3 28. Rxe3 Rfe8 29. Nf3 Kf8 30. Re2 Nhg8 31. Rbe1 Re7 32. e5 dxe5 33. fxe5 Nh7 34. Kf1 Rd8 35. d4 Nh6 36. Rd1 Nf5 37. Kf2 g5 38. g4 hxg4 39. hxg4 Ng7 40. Red2 c6 41. b5 Red7 42. bxa6 bxa6 43. Ne4 Ne6 44. Nc5 Nxc5 45. dxc5 Rxd2+ 46. Rxd2 Rxd2+ 47. Nxd2 Ke7 48. Ke3 Ke6 49. Ke4 f6 50. Nc4 1/2-1/2

[Event "Madrid San Viator op 17th"]
[Site "Madrid"]
[Date "2011.10.01"]
[Round "2"]
[White "Jimenez Perez, Federico"]
[Black "Perez Perez, Elena"]
[Result "0-1"]
[WhiteElo "1330"]
[BlackElo "1630"]
[PlyCount "72"]
[EventDate "2011.09.25"]
[EventType "swiss"]
[EventRounds "9"]
[EventCountry "ESP"]
[SourceTitle "EXT 2012"]
[Source "ChessBase"]
[SourceDate "2011.11.24"]
[SourceVersion "1"]
[SourceVersionDate "2011.11.24"]
[SourceQuality "1"]

1. e4 e5 2. Nf3 Nc6 3. Bc4 Bc5 4. d3 Nf6 5. Nc3 d6 6. Ng5 0-0 7. Nd5 Na5 8. Qe2 Nxc4 9. dxc4 h6 10. h4 Nxd5 11. cxd5 hxg5 12. hxg5 g6 13. Bd2 Kg7 14. 0-0-0 Rh8 15. f3 Bd7 16. g4 Qe7 17. Rh6 Rxh6 18. gxh6+ Kh7 19. Kb1 g5 20. Rh1 Rg8 21. Rh5 Rg6 22. Qh2 Qf6 23. f4 gxf4 24. Rh4 Rxh6 25. g5 Qxg5 26. Rxh6+ Qxh6 27. Qxh6+ Kxh6 28. Kc1 Bg4 29. Be1 f3 30. a3 Be3+ 31. Kb1 f2 32. Bxf2 Bxf2 33. c4 Bf3 34. b4 Bxe4+ 35. Kb2 Bd4+ 36. Kb3 f5 0-1

[Event "Collado Villalba op-B 28th"]
[Site "Collado Villalba"]
[Date "2011.08.23"]
[Round "1.17"]
[White "Nunez Miranda, Adrian"]
[Black "Perez Perez, Elena"]
[Result "1-0"]
[WhiteElo "1862"]
[BlackElo "1597"]
[PlyCount "61"]
[EventDate "2011.08.23"]
[EventType "swiss"]
[EventRounds "9"]
[EventCountry "ESP"]
[SourceTitle "EXT 2024"]
[Source "ChessBase"]
[SourceDate "2023.10.10"]
[SourceVersion "1"]
[SourceVersionDate "2023.10.10"]
[SourceQuality "1"]

1. f4 d5 2. Nf3 Nf6 3. g3 c5 4. Bg2 e6 5. 0-0 Nc6 6. d3 Be7 7. Qe1 Nb4 8. Na3 0-0 9. c3 Nc6 10. e4 Re8 11. e5 Nd7 12. Be3 Nb6 13. Rd1 d4 14. Bf2 dxc3 15. bxc3 Nd5 16. Nc4 b5 17. Ne3 Qa5 18. Nxd5 exd5 19. c4 Qxe1 20. Nxe1 bxc4 21. dxc4 Rb8 22. cxd5 Nb4 23. d6 Bxd6 24. exd6 Ba6 25. a3 Bxf1 26. Kxf1 Na6 27. Nd3 Rec8 28. Ne5 f6 29. Bd5+ Kh8 30. Nf7+ Kg8 31. d7 1-0

[Event "Madrid San Viator op 15th"]
[Site "Madrid"]
[Date "2010.11.21"]
[Round "9.14"]
[White "Garcia Alonso, David"]
[Black "Perez Perez, Elena"]
[Result "1/2-1/2"]
[WhiteElo "1524"]
[BlackElo "1567"]
[PlyCount "88"]
[EventDate "2010.09.26"]
[EventType "swiss"]
[EventRounds "9"]
[EventCountry "ESP"]
[SourceTitle "EXT 2024"]
[Source "ChessBase"]
[SourceDate "2023.10.10"]
[SourceVersion "1"]
[SourceVersionDate "2023.10.10"]
[SourceQuality "1"]

1. e4 e5 2. Nf3 Nc6 3. Bb5 a6 4. Ba4 Nf6 5. 0-0 b5 6. Bb3 Bc5 7. Nxe5 Nxe5 8. d4 Bxd4 9. Qxd4 d6 10. Nc3 c5 11. Qd2 c4 12. Rd1 cxb3 13. axb3 Bb7 14. Qxd6 Qxd6 15. Rxd6 Nxe4 16. Nxe4 Bxe4 17. Bf4 Ng6 18. Bg3 0-0 19. Rdxa6 Rxa6 20. Rxa6 Bxc2 21. Rb6 Bxb3 22. Rxb5 Rd8 23. h3 Be6 24. b4 h6 25. Rb8 Rxb8 26. Bxb8 Bc4 27. Bd6 f6 28. f3 Kf7 29. Kf2 Ke6 30. Bc5 Nf4 31. Bf8 g5 32. Bxh6 Nd3+ 33. Kg3 Nxb4 34. Kg4 Nd5 35. Bxg5 fxg5 36. Kxg5 Bf1 37. h4 Bxg2 38. f4 Nxf4 39. Kxf4 Kf6 40. h5 Kg7 41. Kg5 Kh7 42. h6 Kh8 43. Kg6 Be4+ 44. Kf6 Kh7 1/2-1/2

[Event "Madrid San Viator op 15th"]
[Site "Madrid"]
[Date "2010.10.17"]
[Round "4.11"]
[White "Perez Perez, Elena"]
[Black "Sarabia Utrilla, Joaquin"]
[Result "0-1"]
[WhiteElo "1567"]
[BlackElo "1820"]
[PlyCount "84"]
[EventDate "2010.09.26"]
[EventType "swiss"]
[EventRounds "9"]
[EventCountry "ESP"]
[SourceTitle "EXT 2024"]
[Source "ChessBase"]
[SourceDate "2023.10.10"]
[SourceVersion "1"]
[SourceVersionDate "2023.10.10"]
[SourceQuality "1"]

1. e4 e5 2. Nf3 Nf6 3. Nxe5 Nxe4 4. Qe2 Qe7 5. Qxe4 d6 6. d4 dxe5 7. dxe5 Nd7 8. Bf4 g6 9. e6 fxe6 10. Bxc7 Nc5 11. Qe5 Bg7 12. Bb5+ Bd7 13. Bxd7+ Kxd7 14. Qg3 Bxb2 15. Be5 Bxa1 16. Bxa1 Rhf8 17. 0-0 Qd6 18. Be5 Qd5 19. Nc3 Ne4 20. Nxd5 Nxg3 21. Nf6+ Rxf6 22. Bxf6 Nxf1 23. Kxf1 Rc8 24. c3 Kd6 25. Ke2 e5 26. Kd3 Kd5 27. f3 Rc6 28. Bg5 Ra6 29. c4+ Ke6 30. g3 Rxa2 31. h3 Ra3+ 32. Ke4 Rc3 33. Bd2 Rxc4+ 34. Kd3 Rd4+ 35. Kc3 Kd5 36. Be3 Rc4+ 37. Kd3 a5 38. Bb6 a4 39. Be3 a3 40. Bd2 a2 41. Bc3 Rxc3+ 42. Kxc3 a1Q+ 0-1

[Event "Collado Villalba op-B 26th"]
[Site "Collado Villalba"]
[Date "2009.08.23"]
[Round "3"]
[White "Rubio Campos, Juan"]
[Black "Perez Perez, Elena"]
[Result "1-0"]
[WhiteElo "1813"]
[BlackElo "1584"]
[PlyCount "79"]
[EventDate "2009.08.21"]
[EventType "swiss"]
[EventRounds "9"]
[EventCountry "ESP"]
[SourceTitle "EXT 2011"]
[Source "ChessBase"]
[SourceDate "2010.11.26"]
[SourceVersion "1"]
[SourceVersionDate "2010.11.26"]
[SourceQuality "1"]

1. e4 e5 2. Nf3 Nc6 3. Bb5 a6 4. Ba4 Nf6 5. 0-0 b5 6. Bb3 Bc5 7. c3 Bb6 8. d3 d6 9. h3 h6 10. Nbd2 0-0 11. Re1 Be6 12. Bc2 Ne7 13. Nf1 Ng6 14. Be3 c6 15. Ng3 Re8 16. a4 Bc7 17. d4 Bc4 18. b3 Be6 19. Qd2 Rb8 20. axb5 axb5 21. b4 Qe7 22. Nf5 Qd7 23. Ra7 Ra8 24. dxe5 Nh7 25. Nxd6 Rxa7 26. Nxe8 Qxd2 27. Nxd2 Rb7 28. Nxc7 Rxc7 29. f4 Ngf8 30. Nb3 f6 31. f5 Bc8 32. e6 Bb7 33. Bc5 Rc8 34. h4 g5 35. fxg6 Nxg6 36. Na5 Ba8 37. Bb3 Kg7 38. g3 Nhf8 39. Rd1 Ne5 40. e7 1-0

[Event "Madrid CDV op 2nd"]
[Site "Madrid"]
[Date "2009.02.13"]
[Round "1"]
[White "Madurga Lopez, Ignacio"]
[Black "Perez Perez, Elena"]
[Result "1-0"]
[WhiteElo "1875"]
[BlackElo "1407"]
[PlyCount "91"]
[EventDate "2009.02.13"]
[EventType "swiss"]
[EventRounds "7"]
[EventCountry "ESP"]
[SourceTitle "CBM 129 Extra"]
[Source "ChessBase"]
[SourceDate "2009.05.05"]
[SourceVersion "2"]
[SourceVersionDate "2009.05.20"]
[SourceQuality "1"]

1. e4 e5 2. Nf3 Nc6 3. Bc4 Be7 4. d4 d6 5. c3 Nf6 6. Qd3 Bg4 7. Bb5 0-0 8. Bxc6 bxc6 9. Nbd2 h6 10. 0-0 Re8 11. dxe5 dxe5 12. Qxd8 Bxd8 13. Re1 Rb8 14. Nc4 Bxf3 15. gxf3 Nh5 16. Be3 Ra8 17. Red1 Bf6 18. Rd7 Bd8 19. Rad1 a6 20. Nxe5 Rxe5 21. Rxd8+ Rxd8 22. Rxd8+ Kh7 23. Rd7 f6 24. Rxc7 Re6 25. Ra7 Rd6 26. Rxa6 Rd1+ 27. Kg2 Rb1 28. b3 Rb2 29. Rxc6 Rxa2 30. b4 Ra8 31. b5 Rb8 32. c4 Kh8 33. b6 Kh7 34. c5 Kh8 35. Rc7 Kh7 36. b7 f5 37. c6 Nf6 38. Rc8 Rxc8 39. bxc8Q fxe4 40. Qf5+ Kh8 41. fxe4 Kg8 42. c7 Kf8 43. c8Q+ Kf7 44. Qce6+ Kf8 45. Qfxf6+ gxf6 46. Bxh6# 1-0